Catholic viewpoint on overpopulation.

Bibliographic Details
Main Author: Zimmerman, Anthony
Format: Book
Language:English
Published: Garden City, N.Y. : Hanover House, 1961.
Edition:[1st ed.].
Series:Catholic viewpoint series.
Subjects:

MARC

Tag First Indicator Second Indicator Subfields
LEADER 00000cam a2200000 4500
001 in00000063640
005 20151007083223.0
008 711111s1961 nyu 00000 eng u
010 |a  61012609  
035 |a (OCoLC)00170694 
035 |9 AAF9041AM 
040 |c WSU  |d OCL  |d TXA  |d UtOrBLW 
049 |a TXAM  |c [338906] 
050 0 |a HB881  |b .Z47 
092 |a 301.32  |b Z73c 
100 1 |a Zimmerman, Anthony. 
245 1 0 |a Catholic viewpoint on overpopulation. 
250 |a [1st ed.]. 
264 1 |a Garden City, N.Y. :  |b Hanover House,  |c 1961. 
300 |a 214 pages 
336 |a text  |b txt  |2 rdacontent 
337 |a unmediated  |b n  |2 rdamedia 
338 |a volume  |b nc  |2 rdacarrier 
490 1 |a The Catholic viewpoint series 
650 0 |a Population. 
650 0 |a Church and social problems  |x Catholic Church. 
830 0 |a Catholic viewpoint series. 
999 |a MARS 
999 f f |s e20562bd-2d6c-3aed-b163-a4229425a9cd  |i b1d424ff-2048-344d-a346-7379e9ffd469  |t 0 
952 f f |p ric  |a Texas A&M University  |b Rellis Campus  |c Joint Library Facility  |d Remote Storage  |t 0  |e HB881 .Z47  |h Library of Congress classification  |i unmediated -- volume  |m A14800640514 
998 f f |a HB881 .Z47  |t 0  |l Remote Storage